| 000 | 01500cam a2200277 4500 | ||
|---|---|---|---|
| 001 | L130180 | ||
| 002 | 8713 | ||
| 008 | 050630n2005 000 0 eng u | ||
| 020 | _a9780203013472 | ||
| 035 | _a(Sirsi) u130180 | ||
| 041 | 0 | _aeng | |
| 050 | _a692.5 $2 18 | ||
| 110 | 2 |
_aFranklin and Andrews _92518 |
|
| 245 |
_aSpon's African construction costs handbook _h[electronic resource] |
||
| 250 | _a2nd ed. | ||
| 260 |
_aLondon _bSpon Press _c2005 |
||
| 300 | _aeBook | ||
| 350 | _a170 | ||
| 520 | _aUpdated and revised new edition with additional reference to civil engineering and infrastructure projects with increased supplementary information. Covers 13 countries: Algeria, Cameroon, Chad, Gabon, The Gambia, Ghana, Guinea, Kenya, Nigeria, Senegal, South Africa, Tanzania and Zambia. Information provided includes key data on main economic and construction indicators, outline of the national construction industry, labour and materials cost data, measured rates for a range of construction work items, approximate estimating costs for a range of building types, price index data and exchange rate movements gains £ sterling and UK$ and addresses of public and private construction related organisations. Includes a comparative data section. | ||
| 590 | _aIKA300805 | ||
| 650 | 2 | 4 | _aEBOOK |
| 651 | 4 | _aAfrica | |
| 690 | _aBUILT ENVIRONMENT-BUILDING COSTS | ||
| 856 |
_uhttps://www.vlebooks.com/ _zView on VLEbooks. Logins for members only from [email protected] |
||
| 942 | _n0 | ||
| 999 |
_c104380 _d104380 |
||